LDR 00746naa#a2200169#i#450# 001 EN\\bibl\121252 005 20260502052952.6 011 ## _a1994-4683 100 ## _a20230803b2023####ek#y0engy0150####ca 102 ## _aRU 200 1# _aLONG-TERM DYNAMICS OFPHYSICAL FITNESS OF SCHOOL-AGE CHILDREN OF KRASNODAR IN THE PERIOD FROM 2012 TO 2022 _eJournal article 210 1# _aMoscow _cNational State University of Physical Education, Sports and Health named after P.F. Lesgaft _d2023 215 ## _a6 с. 608 ## _aJournal article _2local 675 ## _aЛюбительский спорт. Спортсмены-любители, игроки-любители. Кадры любительского спорта. 796.077 _z 700 #1 _a _g 856 4# _auchzapiski.lesgaft.spb.ru _u